[Event "London Classic Open 2015"]
[Site "London ENG"]
[Date "2015.12.10"]
[Round "8.32"]
[White "Kiik, Kalle"]
[Black "Juknis, Paulius"]
[Result "1-0"]
[WhiteTitle "IM"]
[WhiteElo "2382"]
[BlackElo "2192"]
[WhiteFideId "4500075"]
[BlackFideId "12802247"]
[EventDate "2015.12.04"]

1. e4 e6 2. d4 d5 3. e5 c5 4. c3 Nc6 5. Be3 Nh6 6. Nf3 Nf5 7. Bd3 g6 8. O-O Bg7
9. Bxf5 gxf5 10. Bg5 Qc7 11. Qd2 h6 12. Be3 f6 13. exf6 Bxf6 14. Na3 a6 15. Rfe1
cxd4 16. cxd4 Qg7 17. Nc2 Bd7 18. Rac1 Kf7 19. Bf4 Rac8 20. b4 Kg8 21. a4 Kh7
22. a5 Rhg8 23. g3 Qf8 24. Rb1 Na7 25. Ne5 Bxe5 26. Bxe5 Nb5 27. f3 Rc3 28. Ne3
Qe7 29. Qg2 Qg5 30. Qf2 Rgc8 31. Rbd1 Rb3 32. Rd2 Rxb4 33. h4 Qg6 34. Ng2 Rg8
35. Kh2 Rc4 36. Nf4 Qf7 37. Nd3 Qe8 38. Nc5 Rxc5 39. dxc5 Qd8 40. Bb2 Qxa5 41.
Rxd5 Qc7 42. Rde5 Qc6 43. f4 Nc7 44. Qd4 Ne8 45. Rxf5 1-0

[Event "London Classic Open 2015"]
[Site "London ENG"]
[Date "2015.12.10"]
[Round "8.33"]
[White "Bates, Caspar J"]
[Black "Lokander, Martin"]
[Result "0-1"]
[BlackTitle "FM"]
[WhiteElo "2154"]
[BlackElo "2367"]
[WhiteFideId "414760"]
[BlackFideId "1709569"]
[EventDate "2015.12.04"]

1. Nf3 g6 2. c4 Bg7 3. Nc3 Nf6 4. e4 d6 5. Be2 O-O 6. d4 e5 7. dxe5 dxe5 8. Bg5
Qe8 9. Bxf6 Bxf6 10. h4 c6 11. h5 Na6 12. Qd2 Bg4 13. Nh2 Bxe2 14. Qxe2 Rd8 15.
Ng4 Bg5 16. Ne3 Nc5 17. O-O Ne6 18. Qg4 Qe7 19. Rae1 Rd2 20. g3 Bxe3 21. Rxe3
Rxb2 22. f4 Qc5 23. Nd1 Rd2 24. hxg6 Rxd1 25. gxf7+ Kxf7 26. Rxd1 Qxe3+ 27. Kh2
Ke7 28. Qh4+ Ke8 29. Rd6 Qf2+ 30. Kh1 Qf1+ 31. Kh2 Qe2+ 32. Kg1 Qxc4 33. Qh5+
Ke7 34. Qxe5 Rg8 35. Rxe6+ Qxe6 36. Qc7+ Kf8 37. Qd8+ Kf7 38. Qc7+ Qe7 0-1

[Event "London Classic Open 2015"]
[Site "London ENG"]
[Date "2015.12.10"]
[Round "8.34"]
[White "Englert, Fabian"]
[Black "Player, Edmund C"]
[Result "1-0"]
[WhiteTitle "FM"]
[WhiteElo "2350"]
[BlackElo "2183"]
[WhiteFideId "24614467"]
[BlackFideId "406520"]
[EventDate "2015.12.04"]

1. d4 Nf6 2. c4 g6 3. Nc3 d5 4. cxd5 Nxd5 5. Bd2 Nb6 6. Bg5 Bg7 7. e3 c5 8. dxc5
Bxc3+ 9. bxc3 Qxd1+ 10. Rxd1 N6d7 11. Bb5 Nc6 12. Rd5 f6 13. Bf4 e6 14. Rd6 Nxc5
15. Rxc6 bxc6 16. Bxc6+ Ke7 17. Bxa8 Nd3+ 18. Ke2 Nxf4+ 19. exf4 Ba6+ 20. Kd2
Rxa8 21. Nf3 Rb8 22. Rc1 Rd8+ 23. Kc2 Bd3+ 24. Kb2 Be4 25. Nd4 Bxg2 26. f3 Rd6
27. a4 Kd7 28. Re1 Bh3 29. Kb3 Rd5 30. Kc4 Ra5 31. Kb4 Rd5 32. Nb3 Bf5 33. c4
Rd6 34. a5 Ke7 35. Kc5 Rd3 36. Nd4 Ra3 37. Kb4 Rd3 38. Nc6+ Kd7 39. Nxa7 Kc7 40.
Nb5+ Kb7 41. Ra1 Rd7 42. a6+ Ka8 43. c5 e5 44. c6 Rd8 45. fxe5 fxe5 46. Kc5 Rc8
47. a7 Bd3 48. Nd6 Rc7 49. Kb6 Rb7+ 50. cxb7# 1-0

[Event "London Classic Open 2015"]
[Site "London ENG"]
[Date "2015.12.10"]
[Round "8.35"]
[White "Papp, Petra"]
[Black "Osborne, Marcus E"]
[Result "1-0"]
[WhiteTitle "WGM"]
[WhiteElo "2336"]
[BlackElo "2180"]
[WhiteFideId "739049"]
[BlackFideId "404608"]
[EventDate "2015.12.04"]

1. e4 e6 2. d4 d5 3. Nc3 Bb4 4. e5 Ne7 5. a3 Bxc3+ 6. bxc3 c5 7. Qg4 O-O 8. Bd3
f5 9. exf6 Rxf6 10. Bg5 Rf7 11. Qh5 g6 12. Qd1 Qa5 13. Nf3 Rxf3 14. gxf3 Qxc3+
15. Kf1 c4 16. Bxe7 cxd3 17. cxd3 Qxd4 18. Bg5 Nc6 19. h4 Qe5 20. f4 Qg7 21. f5
exf5 22. Kg2 b6 23. Re1 Bb7 24. d4 Rf8 25. Rc1 f4 26. Qg4 f3+ 27. Kh1 Bc8 28.
Qg3 Qd7 29. Bh6 Rf7 30. h5 Rf5 31. hxg6 Rh5+ 32. Kg1 Rxh6 33. Rxc6 hxg6 34.
Rxg6+ Rxg6 35. Qxg6+ Kf8 36. Qf6+ Kg8 37. Qg6+ Kf8 38. Re3 Qg4+ 39. Qxg4 Bxg4
40. Re5 Kf7 41. Rxd5 Ke6 42. Rg5 Bf5 43. Kh2 Kf6 44. Rg8 Be4 45. Kg3 b5 46. Kf4 1-0

[Event "London Classic Open 2015"]
[Site "London ENG"]
[Date "2015.12.10"]
[Round "8.36"]
[White "Williamson, Roger G"]
[Black "Liu, Yi"]
[Result "1-0"]
[BlackTitle "FM"]
[WhiteElo "2172"]
[BlackElo "2306"]
[WhiteFideId "414620"]
[BlackFideId "3210588"]
[EventDate "2015.12.04"]

1. d4 d5 2. c4 c6 3. Nf3 Nf6 4. Qc2 dxc4 5. e4 b5 6. b3 cxb3 7. axb3 e6 8. Bd2
a5 9. Bd3 Be7 10. O-O Bb7 11. Nc3 Na6 12. e5 Nb4 13. exf6 Nxc2 14. fxe7 Qxe7 15.
Bxc2 O-O 16. Ne4 b4 17. Nc5 Ba6 18. Nxa6 Rxa6 19. Bd3 Raa8 20. Rfc1 Rfc8 21. Rc5
f6 22. Bc4 Qd6 23. g3 g5 24. Re1 Re8 25. Nxg5 fxg5 26. Rxg5+ Kf8 27. Re4 Ra7 28.
Reg4 Rf7 29. Rxa5 Rc8 30. Bh6+ Ke7 31. Ra7+ Rc7 32. Ra8 Kf6 33. Bf4 Qxd4 34.
Bg5+ Ke5 35. Ra5+ c5 36. Rxd4 Kxd4 37. Be3+ Kc3 38. Bxe6 Rf6 39. Bc4 Rd6 40.
Bxc5 Rd2 41. Rb5 1-0

[Event "London Classic Open 2015"]
[Site "London ENG"]
[Date "2015.12.10"]
[Round "8.37"]
[White "Richardson, John R"]
[Black "Marzano, Carlo"]
[Result "1-0"]
[WhiteTitle "FM"]
[WhiteElo "2302"]
[BlackElo "2177"]
[WhiteFideId "401617"]
[BlackFideId "802980"]
[EventDate "2015.12.04"]

1. c4 c6 2. e4 d5 3. exd5 cxd5 4. d4 Nf6 5. Nc3 Nc6 6. Bg5 Qa5 7. Bxf6 exf6 8.
c5 Be7 9. Bb5 O-O 10. Ne2 Be6 11. O-O Qc7 12. a3 f5 13. Ba4 Bf6 14. b4 f4 15.
Qd3 f3 16. Qxf3 Nxd4 17. Nxd4 Bxd4 18. Nb5 Qe5 19. Rad1 Bb2 20. Qb3 Qf6 21. f4
a6 22. Nc7 Rad8 23. f5 Bc8 24. Rxd5 b5 25. cxb6 Bd4+ 26. Kh1 Bxb6 27. Rxd8 Qxd8
28. Nd5 Bd4 29. Rd1 Be5 30. Qe3 f6 31. Qc5 Kh8 32. Nb6 Qc7 33. Qxc7 Bxc7 34.
Nxc8 Rxc8 35. Rc1 1-0

[Event "London Classic Open 2015"]
[Site "London ENG"]
[Date "2015.12.10"]
[Round "8.38"]
[White "Willmoth, Robert F"]
[Black "Paterek, Michal"]
[Result "0-1"]
[WhiteTitle "CM"]
[BlackTitle "FM"]
[WhiteElo "2150"]
[BlackElo "2293"]
[WhiteFideId "402540"]
[BlackFideId "1116142"]
[EventDate "2015.12.04"]

1. Nf3 d5 2. d4 Nf6 3. e3 g6 4. c4 Bg7 5. cxd5 O-O 6. Nc3 Nxd5 7. Qb3 Nxc3 8.
bxc3 c5 9. Bb2 Nc6 10. Rd1 Qc7 11. Be2 Na5 12. Qa3 Rd8 13. O-O Be6 14. Ng5 Bd5
15. Ba1 h6 16. Nf3 b6 17. Nd2 e6 18. e4 Bb7 19. e5 Rac8 20. Bf3 Bxf3 21. Nxf3
Bf8 22. Qb2 Nc4 23. Qc1 Qb7 24. Qf4 Rd5 25. Rde1 b5 26. h4 Qe7 27. Re4 Bg7 28.
g3 Rc6 29. a4 bxa4 30. Kg2 a3 31. Re2 Rb6 32. h5 g5 33. Qe4 Qb7 34. Kh3 Rb3 35.
Nh2 Nb2 36. f4 Rxc3 37. dxc5 Qb3 38. Nf3 Rc4 39. Qb1 Rd3 40. Ref2 gxf4 41. Bxb2
fxg3 42. Kxg3 axb2 43. Rg2 Rc1 0-1

[Event "London Classic Open 2015"]
[Site "London ENG"]
[Date "2015.12.10"]
[Round "8.39"]
[White "Haugli, Petter"]
[Black "Jones, Steven A"]
[Result "0-1"]
[WhiteTitle "IM"]
[WhiteElo "2260"]
[BlackElo "2160"]
[WhiteFideId "1500104"]
[BlackFideId "419630"]
[EventDate "2015.12.04"]

1. d4 Nf6 2. c4 g6 3. Nc3 Bg7 4. e4 d6 5. Nf3 O-O 6. Be2 e5 7. O-O Nc6 8. d5 Ne7
9. Ne1 Nd7 10. Be3 f5 11. f3 f4 12. Bf2 g5 13. g4 Ng6 14. Nd3 Nf6 15. c5 h5 16.
h3 Rf7 17. Rc1 Bf8 18. Nb5 hxg4 19. hxg4 Rh7 20. cxd6 cxd6 21. Nxa7 Bd7 22. Qb3
Nh4 23. Bb6 Qe7 24. Kf2 Bxg4 25. fxg4 Nxe4+ 26. Ke1 Ng3 27. Rc7 Ng2+ 28. Kd2
Ne4+ 29. Kc1 Qxc7+ 30. Bxc7 Rxc7+ 31. Nc6 bxc6 32. dxc6+ Kg7 33. Qd5 Ra4 34. b4
Ng3 35. Qxg2 Rxa2 36. Nb2 e4 37. Kb1 Rca7 38. Rc1 d5 39. b5 Bd6 40. b6 R7a5 41.
c7 f3 42. Bxf3 Ra1+ 43. Kc2 Rc5+ 44. Nc4 Rxc4+ 45. Kb3 Raxc1 46. Qb2+ d4 47. Qd2
R4c3+ 48. Kb2 Ba3+ 49. Ka2 R1c2+ 50. Qxc2 Rxc2+ 51. Kxa3 exf3 52. b7 f2 53. c8=Q
Rxc8 54. bxc8=Q f1=Q 55. Qc7+ Qf7 56. Qxg3 Qf4 57. Qg2 Kf6 58. Kb3 Ke5 59. Kb2
Qe3 60. Qf1 Qe4 61. Qg1 Qe2+ 62. Kb1 Qe4+ 63. Kb2 Kf4 0-1

[Event "London Classic Open 2015"]
[Site "London ENG"]
[Date "2015.12.10"]
[Round "8.40"]
[White "Roe, Simon J"]
[Black "Kalaiyalahan, Akshaya"]
[Result "0-1"]
[WhiteElo "2254"]
[BlackElo "2157"]
[WhiteFideId "401471"]
[BlackFideId "422894"]
[EventDate "2015.12.04"]

1. Nf3 Nf6 2. c4 g6 3. g3 Bg7 4. Bg2 O-O 5. O-O d6 6. d4 Nc6 7. Nc3 a6 8. Qd3 e5
9. d5 Nb4 10. Qd1 a5 11. h3 Na6 12. e4 Ne8 13. Bg5 f6 14. Bd2 Nc5 15. Qe2 f5 16.
exf5 gxf5 17. Bg5 Qd7 18. Rad1 h6 19. Be3 b6 20. Ne1 Nf6 21. Nd3 Ba6 22. Nxc5
bxc5 23. a4 Rae8 24. Bd2 f4 25. b3 Nh7 26. Ne4 Ng5 27. Nxg5 hxg5 28. Qh5 e4 29.
Rfe1 f3 30. Bf1 Bd4 31. Qxg5+ Qg7 32. Qxg7+ Kxg7 33. Rb1 Bc8 34. Be3 Bf5 35. h4
Kf6 36. Kh2 Rh8 37. Kg1 Reg8 38. Bg5+ Rxg5 39. hxg5+ Kxg5 40. Rbd1 Rb8 41. Rb1
Re8 42. Rbd1 e3 43. fxe3 Bxe3+ 44. Rxe3 Rxe3 45. Kf2 Rxb3 46. Re1 Kg4 47. Re7
Rb2+ 48. Ke3 Kxg3 49. Rg7+ Bg4 50. Bd3 f2 51. Rg8 Rb3 52. Rf8 Rxd3+ 53. Kxd3 Kg2 0-1

[Event "London Classic Open 2015"]
[Site "London ENG"]
[Date "2015.12.10"]
[Round "8.41"]
[White "Merriman, John"]
[Black "Giannatos, Peter"]
[Result "0-1"]
[WhiteElo "2253"]
[BlackElo "2149"]
[WhiteFideId "402362"]
[BlackFideId "2041650"]
[EventDate "2015.12.04"]

1. d4 d5 2. c4 e6 3. Nc3 Be7 4. Nf3 Nf6 5. Bg5 O-O 6. e3 Nbd7 7. Qc2 c5 8. cxd5
cxd4 9. Nxd4 Nxd5 10. Bxe7 Nxe7 11. Bd3 Nf6 12. Rd1 Qb6 13. O-O Bd7 14. Nf3 Rfd8
15. e4 h6 16. a3 Rac8 17. g3 Be8 18. Qe2 Nd7 19. Bb1 Nc5 20. Rxd8 Rxd8 21. Qc2
Qb3 22. Rc1 Nc6 23. Qe2 Nd4 24. Nxd4 Rxd4 25. Ba2 Qb6 26. b4 Nd3 27. Rd1 Ne5 28.
Kg2 Bc6 29. f3 Rxd1 30. Nxd1 Qd4 31. Bb3 a6 32. Qe3 Qa1 33. Bc2 Nc4 34. Qd3 Nxa3
35. Qd8+ Kh7 36. Bd3 Bb5 37. e5+ Bxd3 38. Qxd3+ g6 39. Qd7 Kg7 40. f4 Nc2 41.
Qd8 Qxd1 0-1

[Event "London Classic Open 2015"]
[Site "London ENG"]
[Date "2015.12.10"]
[Round "8.42"]
[White "Therrien, Alex L"]
[Black "Peiris, T G M"]
[Result "1/2-1/2"]
[WhiteTitle "FM"]
[WhiteElo "2252"]
[BlackElo "2099"]
[WhiteFideId "412856"]
[BlackFideId "9901310"]
[EventDate "2015.12.04"]

1. d4 d5 2. Nf3 Nf6 3. c4 c6 4. e3 Bf5 5. Nc3 e6 6. Nh4 Be4 7. f3 Bg6 8. Qb3 Qb6
9. Nxg6 hxg6 10. g3 Nbd7 11. Bd2 Be7 12. Kf2 O-O 13. Kg2 c5 14. Qxb6 Nxb6 15.
cxd5 cxd4 16. exd4 Nfxd5 17. Rc1 Bf6 18. Nxd5 Nxd5 19. Bc3 Ne3+ 20. Kf2 Nf5 21.
d5 Bd8 22. dxe6 Bb6+ 23. Ke1 Rfe8 24. Bc4 Rac8 25. Bb3 Nd4 26. Bxd4 Rxc1+ 27.
Kd2 Rxh1 28. exf7+ Kf8 29. Bxg7+ Ke7 30. Bf6+ Kf8 31. Bg7+ Ke7 32. Bf6+ 1/2-1/2

[Event "London Classic Open 2015"]
[Site "London ENG"]
[Date "2015.12.10"]
[Round "8.43"]
[White "Haussernot, Cecile"]
[Black "Gross, Willi"]
[Result "1/2-1/2"]
[WhiteTitle "WFM"]
[WhiteElo "2242"]
[BlackElo "2095"]
[WhiteFideId "601632"]
[BlackFideId "1270470"]
[EventDate "2015.12.04"]

1. e4 d6 2. d4 Nf6 3. Nc3 e5 4. Nge2 Be7 5. f3 c6 6. Be3 O-O 7. Qd2 Nbd7 8. g4
b5 9. Ng3 b4 10. Nce2 d5 11. g5 Ne8 12. O-O-O Nd6 13. b3 Qa5 14. Kb1 Nb6 15.
dxe5 Nb5 16. Nf5 Bxf5 17. exf5 d4 18. Bxd4 Rfd8 19. Qe1 Rxd4 20. Rxd4 Bc5 21.
Rd3 Nd5 22. a4 Nbc3+ 23. Kb2 Re8 24. Qg3 Nb6 25. Nxc3 bxc3+ 26. Kc1 Nd5 27. e6
fxe6 28. f6 Be3+ 29. Kd1 Qc5 30. g6 Nxf6 31. gxh7+ Kh8 32. f4 Nd5 33. Bh3 Bxf4
34. Qg6 Rf8 35. Rg1 Bh6 36. Qg3 Ne3+ 37. Rxe3 Qxe3 38. Qxe3 Bxe3 39. Rg3 Bd2 40.
Ke2 Kxh7 41. b4 1/2-1/2

[Event "London Classic Open 2015"]
[Site "London ENG"]
[Date "2015.12.10"]
[Round "8.44"]
[White "Lam, Daniel King-wai"]
[Black "Lahtela, Silvo"]
[Result "1/2-1/2"]
[WhiteElo "2147"]
[BlackElo "2236"]
[WhiteFideId "6001238"]
[BlackFideId "4634276"]
[EventDate "2015.12.04"]

1. e4 g6 2. d4 Bg7 3. Nf3 d6 4. Bc4 e6 5. Qe2 a6 6. c3 Ne7 7. Bd3 Nd7 8. O-O O-O
9. Nbd2 e5 10. Re1 Nc6 11. Nb3 Nf6 12. Bg5 h6 13. Bh4 g5 14. dxe5 dxe5 15. Bg3
Nh5 16. Rad1 Qe7 17. Qe3 Nf4 18. Bc4 Qf6 19. Nc5 Re8 20. Rd2 Bf8 21. Nd7 Qg7 22.
Nxf8 Qxf8 23. Red1 Kh8 24. Bd5 Nd8 25. Ne1 Nde6 26. Nd3 Nxd3 27. Rxd3 Nf4 28.
R3d2 a5 29. Bc4 Qe7 30. f3 Rg8 31. Kh1 h5 32. Bf2 Qf6 33. Bg3 b6 34. h4 Kh7 35.
hxg5 Qxg5 36. Bh2 Qf6 37. g3 Ng6 38. Bd5 Rb8 39. Rg1 Ba6 40. Rdg2 c6 41. Bb3
Rgd8 42. Bc2 Bc8 43. Rf2 Qe7 44. Bd1 c5 45. Bb3 1/2-1/2

[Event "London Classic Open 2015"]
[Site "London ENG"]
[Date "2015.12.10"]
[Round "8.45"]
[White "Cumming, Rhys"]
[Black "Stigar, Petter"]
[Result "1/2-1/2"]
[BlackTitle "FM"]
[WhiteElo "2140"]
[BlackElo "2233"]
[WhiteFideId "470163"]
[BlackFideId "1500341"]
[EventDate "2015.12.04"]

1. d4 d5 2. c4 e6 3. Nc3 Nf6 4. cxd5 exd5 5. Bg5 Be7 6. e3 O-O 7. Bd3 Nbd7 8.
Nge2 Re8 9. O-O c6 10. Qc2 Nf8 11. f3 Be6 12. Rae1 Rc8 13. Kh1 a6 14. Qd2 Ng6
15. e4 Nxe4 16. Nxe4 dxe4 17. Bxe7 e3 18. Qxe3 Nxe7 19. Bb1 Bc4 20. Qd2 Bxe2 21.
Rxe2 Nd5 22. Rxe8+ 1/2-1/2

[Event "London Classic Open 2015"]
[Site "London ENG"]
[Date "2015.12.10"]
[Round "8.46"]
[White "Foord, Dominic"]
[Black "Prosviriakov, Vladimir"]
[Result "0-1"]
[BlackTitle "IM"]
[WhiteElo "2075"]
[BlackElo "2232"]
[WhiteFideId "415391"]
[BlackFideId "2004860"]
[EventDate "2015.12.04"]

1. d4 e6 2. c4 f5 3. g3 Nf6 4. Bg2 c6 5. Nf3 d5 6. O-O Bd6 7. Qc2 O-O 8. Ne5
Nbd7 9. Nd3 Qe7 10. Nd2 b6 11. Nf3 Bb7 12. Bf4 Bxf4 13. Nxf4 Ne4 14. Rfd1 Rac8
15. Rac1 a5 16. b3 b5 17. Qb2 b4 18. Nd3 Nc3 19. Re1 c5 20. e3 dxc4 21. bxc4 Be4
22. Nfe5 Nxe5 23. Nxe5 Bxg2 24. Kxg2 Rfd8 25. Rxc3 bxc3 26. Qxc3 Qb7+ 27. Kg1
Qb4 28. Qa1 cxd4 29. exd4 Rxd4 30. Rd1 Rxd1+ 31. Qxd1 Rb8 32. Kg2 Qb7+ 33. Kh3
Qc7 34. Qd4 Rd8 35. Qe3 Qd6 36. f4 Qd4 37. Qa3 Qd1 38. Kh4 Qd2 39. Kh3 Qd1 40.
Qxa5 g5 41. fxg5 Qf1+ 42. Kh4 Rd4+ 43. g4 Qf2+ 44. Kh3 Rd3+ 0-1

[Event "London Classic Open 2015"]
[Site "London ENG"]
[Date "2015.12.10"]
[Round "8.47"]
[White "Lercel, Michal"]
[Black "Sucikova, Svetlana"]
[Result "1/2-1/2"]
[WhiteElo "2228"]
[BlackElo "2070"]
[WhiteFideId "1114700"]
[BlackFideId "14923653"]
[EventDate "2015.12.04"]

1. Nf3 d5 2. c4 c6 3. b3 Bg4 4. g3 Nd7 5. Bg2 e5 6. O-O Bd6 7. Nc3 Ngf6 8. cxd5
cxd5 9. Nb5 Be7 10. d4 e4 11. Ne5 Be6 12. Bf4 O-O 13. Rc1 a6 14. Nc7 Rc8 15.
Nxe6 fxe6 16. Rxc8 Qxc8 17. Bh3 Nxe5 18. dxe5 Nh5 19. Be3 g6 20. Qd4 Ng7 21. Qb6
Qd7 22. Bh6 Rc8 23. Rc1 Nf5 24. Bxf5 1/2-1/2

[Event "London Classic Open 2015"]
[Site "London ENG"]
[Date "2015.12.10"]
[Round "8.48"]
[White "Bullen, Alex"]
[Black "Stephan, Axel"]
[Result "0-1"]
[WhiteElo "2026"]
[BlackElo "2222"]
[WhiteFideId "1801627"]
[BlackFideId "4632834"]
[EventDate "2015.12.04"]

1. e4 e6 2. d4 d5 3. exd5 exd5 4. Bd3 Bd6 5. Nf3 Nc6 6. c3 Nge7 7. O-O Bg4 8.
Re1 Qd7 9. Nbd2 f6 10. a4 Bh5 11. Qc2 O-O-O 12. b4 Bg6 13. Nb3 Bxd3 14. Qxd3 Qf5
15. Qb5 Rdg8 16. Nc5 Nd8 17. a5 g5 18. a6 b6 19. Nb7 Nf7 20. Qe2 Ng6 21. Qe6+
Qxe6 22. Rxe6 Be7 23. Bd2 Kd7 24. Rae1 Re8 25. h3 Rhf8 26. Kf1 Bd8 27. Nxd8 Nxd8
28. Rxe8 Rxe8 29. Rxe8 Kxe8 30. Ke2 Nf7 31. Ne1 Kd7 32. Nc2 Nd6 33. g3 h5 34. f4
gxf4 35. gxf4 Ne7 36. Ne3 Kc6 37. Kf3 Ndf5 38. Nc2 Kb5 39. Bc1 Kxa6 40. Ba3 Kb5
41. Ke2 Nd6 42. Bb2 Nc4 43. Na3+ Nxa3 44. Bxa3 Ka4 45. Bc1 Kb3 46. Bd2 a5 0-1

[Event "London Classic Open 2015"]
[Site "London ENG"]
[Date "2015.12.10"]
[Round "8.49"]
[White "Kugler, Florian"]
[Black "Sielicki, Tomasz"]
[Result "1-0"]
[WhiteElo "2213"]
[BlackElo "1948"]
[WhiteFideId "4633300"]
[BlackFideId "1111400"]
[EventDate "2015.12.04"]

1. c4 e5 2. Nc3 d6 3. g3 f5 4. Bg2 Nf6 5. d3 Be7 6. e3 O-O 7. Nge2 Qe8 8. Bd2
Na6 9. Nd5 Bd8 10. O-O c6 11. Nxf6+ Bxf6 12. b4 Be6 13. Rb1 Nc7 14. Qc2 d5 15.
cxd5 Bxd5 16. b5 Bxg2 17. Kxg2 Nxb5 18. a4 Nd6 19. Bb4 c5 20. Qxc5 Rd8 21. Qxa7
Qc6+ 22. Kg1 Qf3 23. Nc1 h5 24. Bxd6 h4 25. Qxb7 e4 26. Qb3+ Kh7 27. Qd1 Qxd1
28. Rxd1 Rxd6 29. d4 Ra8 30. Rb5 Kg6 31. a5 Kg5 32. gxh4+ Kg4 33. Kh1 g6 34.
Rg1+ Kf3 35. Rg3+ Kxf2 36. Rb2+ Kf1 37. Rg1# 1-0

[Event "London Classic Open 2015"]
[Site "London ENG"]
[Date "2015.12.10"]
[Round "8.50"]
[White "Grigoryan, Meri"]
[Black "Barj, Julien"]
[Result "0-1"]
[WhiteTitle "WFM"]
[WhiteElo "1983"]
[BlackElo "2207"]
[WhiteFideId "13300571"]
[BlackFideId "629200"]
[EventDate "2015.12.04"]

1. d4 Nf6 2. Nf3 g6 3. c4 Bg7 4. Bg5 c5 5. e3 O-O 6. Nbd2 cxd4 7. exd4 d5 8. Bd3
Nc6 9. O-O Qc7 10. Re1 Re8 11. Qb3 Be6 12. Bh4 Na5 13. Qc2 Nh5 14. Rxe6 fxe6 15.
Bxg6 hxg6 16. Ng5 Qf4 17. Qxg6 Qg4 18. h3 Qxg2+ 0-1

[Event "London Classic Open 2015"]
[Site "London ENG"]
[Date "2015.12.10"]
[Round "8.51"]
[White "Radovanovic, Jovica"]
[Black "Hebbes, Tim"]
[Result "1/2-1/2"]
[WhiteTitle "FM"]
[WhiteElo "2321"]
[BlackElo "2112"]
[WhiteFideId "915912"]
[BlackFideId "406570"]
[EventDate "2015.12.04"]

1. d4 Nf6 2. Nf3 e6 3. c4 d5 4. g3 c5 5. cxd5 exd5 6. Bg2 cxd4 7. O-O Nc6 8.
Nxd4 Be7 9. Nc3 O-O 10. Be3 Be6 11. Rc1 Qd7 12. Nxc6 bxc6 13. Na4 Bh3 14. Bc5
Rfe8 15. Bxe7 Rxe7 16. Nc5 Qf5 17. Bxh3 Qxh3 18. f3 Rc8 19. Rf2 Qh6 20. Nb3 Nd7
21. Qd2 Qxd2 22. Nxd2 f6 23. b4 Ne5 24. Rff1 Rb7 25. Rb1 a5 1/2-1/2

[Event "London Classic Open 2015"]
[Site "London ENG"]
[Date "2015.12.10"]
[Round "8.52"]
[White "Cederstam Barsk, Carl"]
[Black "Gupta, Arul"]
[Result "1-0"]
[WhiteTitle "FM"]
[WhiteElo "2291"]
[BlackElo "2063"]
[WhiteFideId "1713329"]
[BlackFideId "422622"]
[EventDate "2015.12.04"]

1. d4 Nf6 2. c4 e6 3. Nf3 b6 4. g3 Bb7 5. Bg2 Be7 6. O-O O-O 7. Re1 d6 8. Qc2
Be4 9. Qb3 Bb7 10. Nc3 Ne4 11. Qc2 f5 12. d5 Nxc3 13. Nd4 Ne4 14. Nxe6 Qd7 15.
Bh3 g6 16. f3 Nc5 17. Nxf8 Bxf8 18. e4 Bc8 19. exf5 gxf5 20. b4 Nb7 21. Bb2 Bg7
22. Bxg7 Kxg7 23. Qc3+ Kg8 24. Bxf5 Qxf5 25. Re8+ Kf7 26. Qh8 Nd7 27. Qg8+ Kf6
28. Re6+ Qxe6 29. Qxe6+ Kg7 30. Qe7+ Kg6 31. Qe8+ Kg7 32. Re1 Ne5 33. Rxe5 dxe5
34. Qxe5+ Kg6 35. Qxc7 1-0

[Event "London Classic Open 2015"]
[Site "London ENG"]
[Date "2015.12.10"]
[Round "8.53"]
[White "Asenov, Pavel"]
[Black "Rozycki, Bartlomiej"]
[Result "1-0"]
[WhiteElo "2098"]
[BlackElo "2231"]
[WhiteFideId "433705"]
[BlackFideId "1106996"]
[EventDate "2015.12.04"]

1. d4 Nf6 2. c4 e6 3. Nc3 Bb4 4. Qc2 O-O 5. a3 Bxc3+ 6. Qxc3 d6 7. Bg5 Nbd7 8.
Nf3 b6 9. e3 Bb7 10. Be2 Rc8 11. Qc2 c5 12. dxc5 Bxf3 13. Bxf3 Rxc5 14. Bf4 Qc7
15. b3 e5 16. Bg3 b5 17. O-O bxc4 18. b4 Rb5 19. e4 a5 20. Qc3 Rc8 21. Rfd1 axb4
22. axb4 Qb6 23. Rab1 Nb8 24. Bh4 Na6 25. Bxf6 gxf6 26. Bg4 Rc7 27. Ra1 Rxb4 28.
Rxa6 Qb7 29. Raxd6 Rb3 30. Qc1 Kg7 31. Rxf6 1-0

[Event "London Classic Open 2015"]
[Site "London ENG"]
[Date "2015.12.10"]
[Round "8.54"]
[White "Lyell, Mark"]
[Black "Feldman, Antony"]
[Result "1/2-1/2"]
[WhiteTitle "FM"]
[WhiteElo "2228"]
[BlackElo "2024"]
[WhiteFideId "402354"]
[BlackFideId "2804565"]
[EventDate "2015.12.04"]

1. e4 c5 2. Nc3 Nc6 3. g3 g6 4. Bg2 Bg7 5. Nge2 e6 6. d3 Nge7 7. Be3 d6 8. Qd2
O-O 9. Bh6 Nd4 10. Bxg7 Kxg7 11. O-O-O Nec6 12. Nxd4 cxd4 13. Ne2 e5 14. h4 Be6
15. h5 Qa5 16. Qxa5 Nxa5 17. Bh3 f5 18. Kb1 Nc6 19. Rh2 g5 20. exf5 Bxf5 21.
Bxf5 Rxf5 22. g4 Rf6 23. Ng3 h6 24. Ne4 Re6 25. Kc1 Rf8 26. Re1 Rf4 27. Rg2 Kf7
28. Kd2 b6 29. c4 Ke8 30. Ke2 Kd7 31. Rb1 Na5 32. f3 Re8 33. b4 Nb7 34. Rf2 Rb8
35. Kf1 Nd8 36. Ng3 Rf6 37. Nf5 Ne6 38. Rd2 Nf4 39. Kf2 Nxh5 40. Rh1 Nf4 41. Ng3
Ne6 42. Ne4 Rg6 43. Kg3 Rh8 44. Kf2 Rc8 45. Ke1 Nf4 46. Rhh2 d5 47. cxd5 Nxd5
48. b5 Ne3 49. Ke2 Rc1 50. Rb2 Ke7 51. Ng3 Kf6 52. Rh1 Rxh1 53. Nxh1 Rg7 54. Ng3
Rc7 55. Kd2 Ke6 56. a4 Rc3 57. Ra2 Rb3 58. Ne4 Rb1 59. Ke2 Rb3 60. Kd2 Rb1 61.
Ke2 Rb3 1/2-1/2

[Event "London Classic Open 2015"]
[Site "London ENG"]
[Date "2015.12.10"]
[Round "8.55"]
[White "Guthrie, David"]
[Black "Kalavannan, Koby"]
[Result "1/2-1/2"]
[WhiteElo "2198"]
[BlackElo "2088"]
[WhiteFideId "4300505"]
[BlackFideId "425753"]
[EventDate "2015.12.04"]

1. d4 Nf6 2. c4 g6 3. Nc3 Bg7 4. e4 d6 5. Nf3 O-O 6. Be2 e5 7. O-O Nc6 8. d5 Ne7
9. Nd2 a5 10. a3 Bd7 11. b3 Ne8 12. Rb1 f5 13. b4 axb4 14. axb4 Nf6 15. Qc2 fxe4
16. Ndxe4 Nf5 17. Bd3 Nd4 18. Qd1 Nh5 19. Bg5 Qc8 20. f3 Nf4 21. Kh1 h6 22. Bh4
g5 23. Bg3 Ra3 24. Rc1 Qe8 25. c5 Qe7 26. Bc4 Kh8 27. Ra1 Rxa1 28. Qxa1 Nc2 29.
Qc1 Nxb4 30. cxd6 cxd6 31. Qb1 b5 32. Qxb4 bxc4 33. Qxd6 Qxd6 34. Nxd6 Rb8 35.
Rb1 Rxb1+ 36. Nxb1 Nxd5 37. Nxc4 Nf4 1/2-1/2